100 TAHUN ZA'BA : (Record no. 187626)

MARC details
000 -LEADER
fixed length control field 00934nam a2200277 i 4500
005 - DATE AND TIME OF LATEST TRANSACTION
control field 20220322105901.0
008 - FIXED-LENGTH DATA ELEMENTS--GENERAL INFORMATION
fixed length control field 220322s1996 my e |||0 0 may d
020 ## - INTERNATIONAL STANDARD BOOK NUMBER
International Standard Book Number 9839705768
Qualifying information paperback
040 ## - CATALOGING SOURCE
Original cataloging agency PPAK
Language of cataloging eng
Transcribing agency PPAK
Description conventions rda
082 04 - DEWEY DECIMAL CLASSIFICATION NUMBER
Edition number 23
Classification number 928.9923
090 00 - LOCALLY ASSIGNED LC-TYPE CALL NUMBER (OCLC); LOCAL CALL NUMBER (RLIN)
Classification number (OCLC) (R) ; Classification number, CALL (RLIN) (NR) 928.9923
Feature heading ZAB
Feature heading KAO
100 0# - MAIN ENTRY--PERSONAL NAME
Personal name Zaʻba,
Dates associated with a name 1895-1973
Relator term author.
245 10 - TITLE STATEMENT
Title 100 TAHUN ZA'BA :
Remainder of title Za'ba : Pejuang Bangsa /
Statement of responsibility, etc. Disunting WAN ABDUL KADIR
246 33 - VARYING FORM OF TITLE
Title proper/short title Seratus tahun Za'ba :
Remainder of title Za'ba : pejuang bangsa
264 #1 - PRODUCTION, PUBLICATION, DISTRIBUTION, MANUFACTURE, AND COPYRIGHT NOTICE
Place of production, publication, distribution, manufacture Kuala Lumpur :
Name of producer, publisher, distributor, manufacturer Akademik Pengajian Melayu Universiti Malaya ,
Date of production, publication, distribution, manufacture, or copyright notice 1996
300 ## - PHYSICAL DESCRIPTION
Extent i, 440 pages ;
Dimensions 23 cm.
336 ## - CONTENT TYPE
Source rdacontent
Content type term text
337 ## - MEDIA TYPE
Source rdamedia
Media type term unmediated
338 ## - CARRIER TYPE
Source rdacarrier
Carrier type term volume
504 ## - BIBLIOGRAPHY, ETC. NOTE
Bibliography, etc. note Includes bibliographical references.
600 0# - SUBJECT ADDED ENTRY--PERSONAL NAME
Personal name Za'ba,
Dates associated with a name 1895-1974
650 10 - SUBJECT ADDED ENTRY--TOPICAL TERM
Topical term or geographic name entry element Authors, Malay
Geographic subdivision Malaysia
Topical term or geographic name entry element Malaysia
General subdivision History
700 0# - ADDED ENTRY--PERSONAL NAME
Personal name Wan Abdul Kadir,
Relator term editor.
942 ## - ADDED ENTRY ELEMENTS (KOHA)
Source of classification or shelving scheme Dewey Decimal Classification
Koha item type Book
Holdings
Withdrawn Not for loan Current library Shelving location Date acquired Total Checkouts Full call number Barcode Date last seen Koha item type
  Not For Loan Perpustakaan Jitra Koleksi Asmah Haji Omar 14/04/2022   KAO 928.9923 ZAB KAO000729 14/04/2022 Book